[Event "Sabadell Coral Colon op 5th"]
[Site "Sabadell"]
[Date "2011.03.11"]
[Round "6"]
[White "Puig Martinez, Jordi"]
[Black "Baldris Vila, Miquel"]
[Result "1-0"]
[WhiteElo "1929"]
[BlackElo "1530"]
[PlyCount "57"]
[EventDate "2011.02.04"]
[EventType "swiss"]
[EventRounds "9"]
[EventCountry "ESP"]
[SourceTitle "EXT 2013"]
[Source "ChessBase"]
[SourceDate "2012.11.22"]
[SourceVersion "1"]
[SourceVersionDate "2012.11.22"]
[SourceQuality "1"]

1. d4 d5 2. e3 Bf5 3. Bd3 Be4 4. f3 Bxd3 5. Qxd3 e6 6. Qb5+ Nc6 7. Qxb7 Nb4 8. Qb5+ c6 9. Qe2 Qa5 10. c3 Na6 11. e4 c5 12. exd5 Nc7 13. dxe6 fxe6 14. Be3 cxd4 15. Bxd4 Qb5 16. Qxb5+ Nxb5 17. Ne2 Ne7 18. 0-0 Nf5 19. Bf2 Rc8 20. Nf4 Kf7 21. Re1 Rc6 22. a4 Ra6 23. Nd2 Nc7 24. Ne4 Be7 25. b4 Rd8 26. b5 Ra5 27. Bc5 Nd5 28. Nxd5 Bxc5+ 29. Nxc5 1-0